000 00230 a2200097 4500
001 51381
100 _aWilson C E
245 _aKinematics and Dynamics of Machinery
260 _aNew York
_bHarper & Row
_c
090 _c32571
_d32571
942 _aNUST-CAE
_cM
_c25082
999 _c286454
_d286454